000 00531nam a2200205 a 4500
001 16724
005 20180713205731.0
008 140415s1988 000 0 spa d
020 _a9682413052
041 _aspa
082 _a541.24
_bPAR
100 1 _aPAREDES, JOSEFINA
245 1 0 _aESTRUCTURA ATOMICA
250 _a2a ed.
260 _a[s.l.] :
_bTRILLAS,
_c1988
300 _a102
490 _aTEMAS BASICOS AREA: QUIMICA
_v6
650 1 4 _aESTRUCTURA ATOMICA
700 1 _aHUERTA, LUIS ANTONIO
_ecoaut.
999 _c16724
_d16724